000 00443nam a2200169Ia 4500
005 20250423095653.0
008 250422s9999 xx 000 0 und d
020 _a0071151702
050 _aRC 667 .H88/
245 0 _aHurst's the heart , arteries and veins
260 _aNew York
260 _bMcGraw-Hill
260 _c1994
300 _a1696 p
650 _aCardiovascular System - Diseases Cardiology- periodicals
942 _cBK
999 _c30979
_d30979